| Поле | Инд. | ПП | Название | Значение |
|---|---|---|---|---|
| Тип записи | a | |||
| Библиографический уровень | b | |||
| 001 | Контрольный номер | RU/IS/BASE/475765533 | ||
| 005 | Дата корректировки | 20220415170603.7 | ||
| 008 | Кодируемые данные | 20150128 | ||
| 040 | b | Код языка каталог. | rus | |
| e | Правила каталог. | PSBO | ||
| 041 | 0_ | a | Код языка текста | rus |
| 084 | a | Индекс другой классификации/Индекс ББК | 60.80 | |
| 100 | 1_ | a | Автор | Бойн Дж. А. |
| q | Полное имя | Бойн Джордж А. | ||
| 100 | 1_ | a | Автор | Джеймс О. |
| q | Полное имя | Джеймс Оливер | ||
| 100 | 1_ | a | Автор | Джон П. |
| q | Полное имя | Джон Петер | ||
| 100 | 1_ | a | Автор | Петровский Н. |
| q | Полное имя | Петровский Николай | ||
| 245 | a | Заглавие | Влияет ли качество государственной службы на кадровые перестановки в высших эшелонах власти | |
| c | Ответственность | перевод с английского Э. Г. Зверевой | ||
| 500 | a | Примечание | Перевод по изданию: George A. Boyne,Oliver James, Peter John, Nikolai petrovsky, 2010. Does Public Service Performance Affect Top Management Turnover? Journal of PublicAdministration Researh andTheory, 20 (suppl. 2): i261 - i279 | |
| 504 | a | Библиография | Лит.: с. 168 - 170. - Примеч.: с. 166 - 167 | |
| 520 | a | Аннотация | Предположение о том, что смена глав правительств и чиновников высокого ранга происходи в зависимости от качества государственных услуг. В статье для проверки этого предположения используются данные исследования по 148 местным органам власти за четыре года, в ходе которого была выявлена отрицательная зависимость смены руководства от качества работы органов власти. Эта зависимость проявляется слабее в отношении глав правительств и сильнее - в отношении членов их команд. Отмечен факт более частых кадровых перестановок в руководстве после вступления в должность главы исполнительной власти, который влияет на данный процесс, возлагаю всю вину за неудовлетворительную работу и организацию на тех, кто не входит в его команду. | |
| 650 | a | Основная рубрика | социальное управление | |
| a | Основная рубрика | теория социального управления | ||
| 653 | a | Ключевые слова | глава правительства | |
| a | Ключевые слова | государственная служба | ||
| a | Ключевые слова | государственное управление | ||
| a | Ключевые слова | государственные служащие | ||
| a | Ключевые слова | государственные услуги | ||
| a | Ключевые слова | исполнительная власть | ||
| a | Ключевые слова | кадровые перестановки | ||
| a | Ключевые слова | качество службы | ||
| a | Ключевые слова | качество услуг | ||
| a | Ключевые слова | межведомственное взаимодействие | ||
| a | Ключевые слова | муниципалитеты | ||
| a | Ключевые слова | муниципальное управление | ||
| a | Ключевые слова | общественное мнение | ||
| a | Ключевые слова | организационная деятельность | ||
| a | Ключевые слова | органы власти | ||
| a | Ключевые слова | Россия | ||
| a | Ключевые слова | смена руководства | ||
| a | Ключевые слова | стратегическое управление | ||
| a | Ключевые слова | чиновничество | ||
| a | Ключевые слова | эффективность государственной службы | ||
| a | Ключевые слова | эффективность управления | ||
| 700 | a | Автор | Зверева Э. Г. | |
| e | Роль лиц | переводчик | ||
| 773 | t | Заглавие источника | Вопросы государственного и муниципального управления | |
| d | Дата издания источника | 2013 | ||
| g | Прочая информация | № 1. - С. 145 - 170 : 5 табл. | ||
| w | Контрольный № источника | RU/IS/BASE/421858656 | ||
| 901 | t | Тип документа | b |